1592 1290 1875 1867 1570 1603 1917 1953 1520 1669 1720 1044 1083 1890 1861 1416 1400 1362 1388 1552 1052 1526 1499 1792 1571 1037 1577 1275 1733 1686 1651 1045 1809 1326 1636 1154 1031 1658 1159 1550 1911 1020 1670 1148 1460 1997 1937 1162 1449 1941 1366 1775 1775 1929 1883 1664 1066 1281 1980 1140 1263 1551 1178 1945 1200 1714 1981 1966 1921 1690 1373 1597 1038 1177 1308 1458 1453 1772 1721 1259 1602 1489 1461 1337 1348 1185 1381 1161 1662 1437 1655 1542 1904 1740 1029 1547 1973 1213 1490 BCNSPRNW ULIB Ver.6.0+V

เปลี่ยนเป็นภาษาไทย

Change to English
 แสดงรายละเอียดบรรณานุกรม
  กลับหน้าหลัก

Brief Record : Get Marc (ISO 2709) : E-mail record : QR code < ปิดหน้าต่าง
LEADER : 00000nam 2200000uu 4500
001    13399108717
003     ULIB
008    110314s2552||||th 000 0 tha d
020    9786165290005
060 04 QZ275^bพ459ม 2552
100 0  พวงทอง ไกรพิบูลย์
245 10 มะเร็งในเด็ก /^cพวงทอง ไกรพิบูลย์
260    กรุงเทพฯ :^bอมรินทร์สุขภาพ,^c2552
300    208 หน้า ;^c21 ซม.
650  7 มะเร็งเม็ดเลือดขาวในเด็ก
650  7 มะเร็ง^xการป้องกันและควบคุม
650  7 มะเร็ง^xในวัยทารกและวัยเด็ก
945    ^p165^l0^i027806
945    ^p165^l0^i026993
945    ^p165^l0^i026992
945    ^p165^l0^i026991
945    ^p165^l0^i026990
945    ^p165^l0^i027805
945    ^p165^l0^i026553
995    ทศพร
999 ^a ใช้งานได้ทุกระบบ
รายการนี้ยังไม่มีแท็ก
คุณยังไม่ได้ล็อกอิน คุณสามารถมีกิจกรรมร่วมกับเว็บไซต์ได้ แต่ต้องล็อกอินก่อน ::
  ล็อกอิน

รายการสื่อสารสนเทศ

ลำดับที่ ประเภท เลขเรียก/บาร์โค้ด สถานที่ สถานะ
- ไม่พบข้อมูล -

รายการใกล้เคียง
    ผู้แต่ง [พวงทอง ไกรพิบูลย์]

    หัวเรื่อง [มะเร็งเม็ดเลือดขาวในเด็ก]
    หัวเรื่อง [มะเร็ง การป้องกันและควบคุม]

BibComment


ยังไม่เคยถูกคอมเมนท์

คอมเมนท์ทรัพยากรรายการนี้
  คอมเมนท์: มะเร็งในเด็ก พวง..


 Copyright 2026. Bcnsprnw @Library